000 00457pab a2200169 454500
008 180718b2014 xxu||||| |||| 00| 0 eng d
100 _aMurti, Ashutosh Bishnu
245 _aDeterminants of skill shortages in Indian firms: An exploration
260 _c2014
300 _ap.439-455.
362 _aJan
650 _aSkills development
700 _aBino Paul G D
773 _aIndian Journal of Industrial Relations
908 _aN
909 _a104187
999 _c104183
_d104183